Представление документа в формате MARC21

Поле Инд. ПП Название Значение
Тип записи a
Библиографический уровень m
001 Контрольный номер RU/IS/BASE/344607070
005 Дата корректировки 20150811143944.4
040 a Служба первич. каталог. НБ ТвГУ
b Код языка каталог. rus
e Правила каталог. PSBO
041 0_ a Код языка текста rus
080 a Индекс УДК 53(075.8)
084 a Индекс другой классификации/Индекс ББК В33я73-1
090 a Полочн. индекс 53
x Авторский знак А 88
100 1_ a Автор Арцыбышев Сергей Александрович
q Полное имя Арцыбышев С. А.
245 10 a Заглавие Курс физики
b Продолж. заглавия учебное пособие для педагогических институтов
n Номер части/ раздела Ч. 2
p Название части/ раздела Электричество
260 a Место издания Москва
b Издательство Учпедгиз
c Дата издания 1955
300 a Объем 406, [2] c.
b Иллюстрации/ тип воспроизводства ил
504 a Библиография Алф. указ.: с. 401-404
653 0_ a Ключевые слова Учебники для вузов
a Ключевые слова Физика
a Ключевые слова Электричество
901 t Тип документа m
920 a Оператор Пету
a Оператор Густ
a Оператор Семен
a Оператор Суха
a Оператор Стро
930 a Новая/Ретро новая
952 c Вид литературы К ру
954 a Дата поступления на обработку 20101202
c Дата окончания ОНО 20150126
b Дата поступления в ОК 20150119
954 b Дата поступления в ОК 20150811ред